[Event "Eastern Asia-ch U18"]
[Site "Tornelo INT"]
[Date "2021.10.31"]
[Round "8"]
[White "Bosagh Zadeh, Alireza"]
[Black "Ayush, Jha"]
[Result "1-0"]
[WhiteElo "1902"]
[BlackElo "1586"]
[PlyCount "123"]
[EventDate "2021.10.29"]
[EventType "swiss"]
[EventRounds "9"]
[EventCountry "NET"]
[SourceTitle "CBM 205 Extra"]
[Source "ChessBase"]
[SourceDate "2022.01.31"]
[SourceVersion "1"]
[SourceVersionDate "2022.01.31"]
[SourceQuality "1"]

1. e4 Nf6 2. Nc3 d6 3. d4 g6 4. Be3 Bg7 5. Qd2 Ng4 6. Bg5 0-0 7. f3 Nf6 8. 0-0-0 Nbd7 9. Bh6 c5 10. Nge2 cxd4 11. Nxd4 Nc5 12. h4 Ne6 13. Nde2 Qa5 14. Bxg7 Nxg7 15. h5 g5 16. h6 Ne6 17. g3 Bd7 18. f4 gxf4 19. gxf4 Kh8 20. Nd4 Rg8 21. Nb3 Qc7 22. Nd5 Nxd5 23. exd5 Nc5 24. Qd4+ f6 25. Nxc5 Qxc5 26. Qe4 e6 27. Bd3 f5 28. Qe1 Rae8 29. Qh4 Rg6 30. dxe6 Bxe6 31. Rhe1 Qc8 32. Bb5 Qd8 33. Qf2 Rf8 34. Qd4+ Qf6 35. Qxd6 Rfg8 36. Bd7 Bxd7 37. Qxd7 Rxh6 38. Qxb7 a5 39. Qb5 Rh4 40. Re8 Rhg4 41. Rxg8+ Rxg8 42. Qxa5 h5 43. Rh1 Qg6 44. Qe5+ Kh7 45. a4 Re8 46. Qc7+ Kh6 47. a5 Re6 48. Qc3 Kh7 49. b4 Rc6 50. Qd3 Rd6 51. Qh3 Kh6 52. Qh4 Rc6 53. Qd8 Qg7 54. Kb1 Rg6 55. Qd1 Rg4 56. Qd6+ Rg6 57. Qc5 Qb7 58. Rd1 Qg7 59. Qxf5 h4 60. Qe5 Qb7 61. c3 Qf3 62. Qh8# 1-0

[Event "Eastern Asia-ch U18"]
[Site "Tornelo INT"]
[Date "2021.10.30"]
[Round "4"]
[White "Ayush, Jha"]
[Black "Ganerdene, Sugar"]
[Result "1-0"]
[WhiteElo "1586"]
[BlackElo "2109"]
[PlyCount "119"]
[EventDate "2021.10.29"]
[EventType "swiss"]
[EventRounds "9"]
[EventCountry "NET"]
[SourceTitle "CBM 205 Extra"]
[Source "ChessBase"]
[SourceDate "2022.01.31"]
[SourceVersion "1"]
[SourceVersionDate "2022.01.31"]
[SourceQuality "1"]

1. Nf3 Nf6 2. g3 g6 3. b3 Bg7 4. Bb2 0-0 5. Bg2 d6 6. 0-0 e5 7. c4 Re8 8. Nc3 Nc6 9. e3 e4 10. Ne1 Bf5 11. d3 Qd7 12. Qd2 Rad8 13. Nd5 Nxd5 14. cxd5 Ne5 15. dxe4 Bh3 16. f4 Bxg2 17. Nxg2 Ng4 18. Bxg7 Kxg7 19. Qd4+ Kg8 20. h3 Nh6 21. g4 f6 22. Qxf6 Rxe4 23. Rac1 Nf7 24. Qc3 Rc8 25. Qd3 Rce8 26. Rc4 Rxc4 27. Qxc4 c5 28. dxc6 bxc6 29. Rc1 Rc8 30. Kf2 d5 31. Qd4 Nd6 32. Ne1 Ne4+ 33. Kg2 g5 34. Nf3 gxf4 35. exf4 Qf7 36. Qe3 c5 37. Ne5 Qb7 38. Rd1 Re8 39. Qd3 Nf6 40. Qf5 d4+ 41. Kh2 Nd5 42. Nd7 Qc6 43. Qxd5+ Qxd5 44. Nf6+ Kf7 45. Nxd5 Re2+ 46. Kg3 Ke6 47. Nc7+ Kd7 48. Na6 Kd6 49. b4 cxb4 50. Rxd4+ Kc6 51. Rxb4 Rxa2 52. Nb8+ Kc7 53. Kh4 Ra3 54. f5 h6 55. Rf4 Re3 56. f6 Re8 57. f7 Rf8 58. Na6+ Kd6 59. Kh5 Ke5 60. Rf5+ 1-0

[Event "IND-ch U11 30th"]
[Site "India"]
[Date "2016.07.05"]
[Round "10"]
[White "Samip, Roy"]
[Black "Ayush, Jha"]
[Result "1-0"]
[WhiteElo "1664"]
[BlackElo "1448"]
[PlyCount "179"]
[EventDate "2016.06.28"]
[EventType "swiss"]
[EventRounds "11"]
[EventCountry "IND"]
[SourceTitle "CBM 173 Extra"]
[Source "ChessBase"]
[SourceDate "2016.08.29"]
[SourceVersion "1"]
[SourceVersionDate "2016.08.29"]
[SourceQuality "1"]

1. e4 e5 2. Nf3 Nf6 3. Nc3 Nc6 4. Bb5 Bb4 5. d3 d6 6. h3 h6 7. 0-0 0-0 8. a3 Bc5 9. Be3 Bb6 10. Re1 Be6 11. Qc1 Nh7 12. Bxc6 bxc6 13. d4 exd4 14. Nxd4 Bxd4 15. Bxd4 Qg5 16. f4 Qe7 17. b4 Rfe8 18. Qe3 a6 19. Qg3 f6 20. h4 Qf7 21. Qf3 Bd7 22. Qe2 Qg6 23. Kh2 Qg4 24. Qf2 Re7 25. Re3 Qh5 26. f5 Rae8 27. Rae1 Qg4 28. Kg1 Kh8 29. g3 Nf8 30. Rf3 Nh7 31. Rf4 Qh5 32. g4 Qf7 33. Qf1 Bc8 34. Qd3 Rd7 35. Na4 Rde7 36. c4 Rd8 37. Nc3 Bb7 38. Rff1 Rde8 39. Be3 c5 40. Bf4 cxb4 41. axb4 g5 42. hxg5 hxg5 43. Bg3 Kg7 44. Kf2 Rh8 45. Nd5 Bxd5 46. cxd5 Nf8 47. Qxa6 Nd7 48. Qd3 Ne5 49. Bxe5 Rxe5 50. Rh1 Ree8 51. Qc4 Rxh1 52. Rxh1 Qe7 53. Ke3 Qe5 54. Qc2 Qf4+ 55. Kd4 Qe5+ 56. Kc4 Re7 57. Kb3 Qg3+ 58. Ka4 Qe3 59. Qh2 Qa7+ 60. Kb3 Qe3+ 61. Ka2 Re8 62. Qh7+ Kf8 63. Qh8+ Ke7 64. Rh7+ Kd8 65. Qxf6+ Kc8 66. Qg7 Qf2+ 67. Kb3 Qf3+ 68. Qc3 Qxc3+ 69. Kxc3 Rxe4 70. f6 Rf4 71. Rg7 Rxf6 72. Rxg5 Rf4 73. Rg7 Kd8 74. g5 Rg4 75. g6 Kc8 76. Rg8+ Kd7 77. g7 Rg3+ 78. Kc4 Rg5 79. Kb3 Rg4 80. Ka3 Rg2 81. Ka4 Rg5 82. b5 Rg1 83. b6 cxb6 84. Ra8 b5+ 85. Kb4 Rb1+ 86. Kc3 b4+ 87. Kc2 Rg1 88. g8Q b3+ 89. Kxb3 Rxg8 90. Rxg8 1-0